Ghandhi Vs Tagore / (Record no. 3601)

MARC details
000 -LEADER
fixed length control field 00391nam a2200145 a 4500
005 - DATE AND TIME OF LATEST TRANSACTION
control field 20260112063307.0
020 ## - INTERNATIONAL STANDARD BOOK NUMBER
International Standard Book Number 9788175224995
039 #9 - LEVEL OF BIBLIOGRAPHIC CONTROL AND CODING DETAIL [OBSOLETE]
-- 201108120456
-- staff
100 ## - MAIN ENTRY--PERSONAL NAME
Personal name Parekh, Shailesh
245 ## - TITLE STATEMENT
Title Ghandhi Vs Tagore /
Statement of responsibility, etc. Shailesh Parekh
260 ## - PUBLICATION, DISTRIBUTION, ETC.
Place of publication, distribution, etc. Hyderabad :
Name of publisher, distributor, etc. Orient Black Swan
Date of publication, distribution, etc. c2010
991 ## -
-- VIRTUA40
991 ## -
-- VTLSSORT0080*0200*1000*2450*2600*9992
909 ## -
-- 4064

No items available.

Copyright © 2026 Indian Institute of Management Shillong. All Rights Reserved.